[Event "Joao Pessoa Fischer Memorial 11th"]
[Site "Joao Pessoa"]
[Date "2022.05.07"]
[Round "3"]
[White "De Lima, Theo Magalhaes"]
[Black "Fernandes, Pedro Guilherme Mun"]
[Result "0-1"]
[WhiteElo "1542"]
[BlackElo "1784"]
[PlyCount "80"]
[EventDate "2022.05.06"]
[EventType "swiss"]
[EventRounds "6"]
[EventCountry "BRA"]
[SourceTitle "EXT 2023"]
[Source "ChessBase"]
[SourceDate "2022.10.05"]
[SourceVersion "1"]
[SourceVersionDate "2022.10.05"]
[SourceQuality "1"]

1. e4 c5 2. Nf3 g6 3. d4 cxd4 4. Nxd4 Nc6 5. Nc3 Nf6 6. Be2 Bg7 7. Nb3 0-0 8. Bg5 d6 9. 0-0 Be6 10. Kh1 Ne5 11. Nd5 Bxd5 12. exd5 h6 13. Bh4 g5 14. Bg3 Ne4 15. Nd4 Qc8 16. Bxe5 dxe5 17. f3 Nd6 18. Nb5 Nf5 19. Qd3 a6 20. g4 Nh4 21. Nc3 Ng6 22. Ne4 b5 23. Nf2 Nf4 24. Qe4 Rd8 25. Rfd1 Qc5 26. Nd3 Qxd5 27. Nxf4 Qxe4 28. fxe4 exf4 29. c3 e6 30. Bf3 Kf8 31. h4 Be5 32. hxg5 hxg5 33. a4 Rxd1+ 34. Rxd1 bxa4 35. Ra1 Rb8 36. Ra2 a5 37. Bd1 a3 38. Rxa3 Rxb2 39. Rxa5 Bxc3 40. Rxg5 Rb1 0-1

[Event "BRA-ch 87th"]
[Site "Cuiaba"]
[Date "2021.11.02"]
[Round "9"]
[White "Moyses Sobrinho, Elias"]
[Black "Fernandes, Pedro Guilherme Mun"]
[Result "1-0"]
[WhiteElo "1858"]
[BlackElo "1682"]
[PlyCount "48"]
[EventDate "2021.10.28"]
[EventType "swiss"]
[EventRounds "11"]
[EventCountry "BRA"]
[SourceTitle "CBM 205 Extra"]
[Source "ChessBase"]
[SourceDate "2022.01.31"]
[SourceVersion "1"]
[SourceVersionDate "2022.01.31"]
[SourceQuality "1"]

1. d4 Nf6 2. c4 g6 3. Nc3 d5 4. cxd5 Nxd5 5. Qb3 Nxc3 6. bxc3 c5 7. e3 Bg7 8. Ba3 cxd4 9. cxd4 0-0 10. Nf3 Nc6 11. Be2 Qa5+ 12. Kf1 Be6 13. Qb2 b5 14. Bc5 Bd5 15. Qxb5 Qc3 16. Rd1 Rab8 17. Qd3 Qxd3 18. Bxd3 Bxa2 19. g3 f5 20. Nd2 Rfd8 21. Bc4+ Bxc4+ 22. Nxc4 Rd5 23. Kg2 e5 24. Nd6 Rb3 1-0

[Event "BRA-ch 87th"]
[Site "Cuiaba"]
[Date "2021.11.01"]
[Round "7"]
[White "Da Silva, Fabio Lima"]
[Black "Fernandes, Pedro Guilherme Mun"]
[Result "1-0"]
[WhiteElo "1909"]
[BlackElo "1682"]
[PlyCount "35"]
[EventDate "2021.10.28"]
[EventType "swiss"]
[EventRounds "11"]
[EventCountry "BRA"]
[SourceTitle "CBM 205 Extra"]
[Source "ChessBase"]
[SourceDate "2022.01.31"]
[SourceVersion "1"]
[SourceVersionDate "2022.01.31"]
[SourceQuality "1"]

1. d4 Nf6 2. Nf3 g6 3. Bg5 Ne4 4. Bf4 c5 5. c3 Qb6 6. Qc2 d5 7. e3 Bg7 8. Nbd2 0-0 9. dxc5 Nxc5 10. b4 Bf5 11. bxc5 Qxc5 12. Bd3 Bxd3 13. Qxd3 Nc6 14. Bg3 e5 15. Nb3 e4 16. Nxc5 exd3 17. Rc1 Na5 18. Nd4 1-0

[Event "BRA-ch 87th"]
[Site "Cuiaba"]
[Date "2021.10.31"]
[Round "6"]
[White "Fernandes, Pedro Guilherme Mun"]
[Black "Fedrizzi, Roberto Senatore"]
[Result "1/2-1/2"]
[WhiteElo "1682"]
[BlackElo "1962"]
[PlyCount "80"]
[EventDate "2021.10.28"]
[EventType "swiss"]
[EventRounds "11"]
[EventCountry "BRA"]
[SourceTitle "CBM 205 Extra"]
[Source "ChessBase"]
[SourceDate "2022.01.31"]
[SourceVersion "1"]
[SourceVersionDate "2022.01.31"]
[SourceQuality "1"]

1. Nf3 Nf6 2. g3 g6 3. Bg2 Bg7 4. 0-0 0-0 5. c4 c5 6. Nc3 Nc6 7. e3 d6 8. d4 Bf5 9. b3 Qc8 10. Bb2 Nb4 11. Qd2 Ne4 12. Nxe4 Bxe4 13. a3 Na6 14. dxc5 Bxb2 15. Qxb2 Nxc5 16. b4 Ne6 17. Rac1 b6 18. Nd4 Bxg2 19. Nxe6 Qxe6 20. Kxg2 Rac8 21. Qd4 Rfd8 22. e4 Rd7 23. Rc2 Rdc7 24. Rfc1 f5 25. exf5 Qxf5 26. g4 Qf7 27. f4 Rf8 28. Qd5 Qxd5+ 29. cxd5 Rxc2+ 30. Rxc2 Rxf4 31. Rc7 Rxg4+ 32. Kf3 Rd4 33. Rxe7 a5 34. Rb7 axb4 35. axb4 Rxb4 36. Rd7 Rd4 37. Rxd6 b5 38. Rd7 b4 39. Rb7 Rxd5 40. Rxb4 Kg7 1/2-1/2

[Event "BRA-ch 87th"]
[Site "Cuiaba"]
[Date "2021.10.30"]
[Round "4"]
[White "Fernandes, Pedro Guilherme Mun"]
[Black "Mazetto, Sergio Luiz"]
[Result "0-1"]
[WhiteElo "1682"]
[BlackElo "2119"]
[PlyCount "72"]
[EventDate "2021.10.28"]
[EventType "swiss"]
[EventRounds "11"]
[EventCountry "BRA"]
[SourceTitle "CBM 205 Extra"]
[Source "ChessBase"]
[SourceDate "2022.01.31"]
[SourceVersion "1"]
[SourceVersionDate "2022.01.31"]
[SourceQuality "1"]

1. Nf3 d5 2. g3 Nf6 3. Bg2 Bf5 4. c4 e6 5. Qb3 Na6 6. d4 Nb4 7. Na3 a5 8. 0-0 h6 9. Qa4+ c6 10. c5 b6 11. Bd2 bxc5 12. Bxb4 cxb4 13. Qxc6+ Nd7 14. Nb5 Rc8 15. Nd6+ Bxd6 16. Qxd6 Qb6 17. Qxb6 Nxb6 18. Rac1 Ke7 19. Ne5 Bc2 20. e4 dxe4 21. f3 e3 22. f4 e2 23. Rfe1 Bd1 24. Nd3 Rhd8 25. Rxc8 Rxc8 26. Bf3 Rc2 27. Kf2 Rd2 28. Ne5 Rxb2 29. Bxe2 Ba4 30. Kf3 Rxa2 31. Rc1 Nd5 32. Rc5 Bd7 33. Bc4 Ra3+ 34. Kf2 b3 35. Bxb3 Rxb3 36. Rxa5 Rb7 0-1

[Event "BRA-ch U26"]
[Site "Brasilia"]
[Date "2019.04.25"]
[Round "4"]
[White "Arrebola, Diogo Ramos Da Cost"]
[Black "Fernandes, Pedro Guilherme Mun"]
[Result "1-0"]
[WhiteElo "1813"]
[BlackElo "1800"]
[PlyCount "104"]
[EventDate "2019.04.23"]
[EventType "swiss"]
[EventRounds "7"]
[EventCountry "BRA"]
[SourceTitle "CBM 190 Extra"]
[Source "ChessBase"]
[SourceDate "2019.07.15"]
[SourceVersion "1"]
[SourceVersionDate "2019.07.15"]
[SourceQuality "1"]

1. e4 c5 2. Nf3 d6 3. d4 cxd4 4. Nxd4 Nf6 5. Nc3 g6 6. Be3 Bg7 7. f3 0-0 8. Qd2 Nc6 9. Bc4 Bd7 10. 0-0-0 Rc8 11. Bb3 Ne5 12. h4 h5 13. g4 hxg4 14. h5 gxh5 15. Bh6 Kh7 16. Bxg7 Kxg7 17. Qg5+ Ng6 18. Nf5+ Bxf5 19. exf5 Rxc3 20. bxc3 Qa5 21. Rxh5 Nxh5 22. Qxh5 Qxc3 23. Qxg4 Rh8 24. Kb1 Rh4 25. Qg2 a5 26. fxg6 fxg6 27. Qg5 Qf6 28. Qxa5 Qxf3 29. Qd2 Rh2 30. Qd4+ Kh7 31. Bd5 Qf5 32. Be4 Qb5+ 33. Ka1 Qe5 34. Qxe5 dxe5 35. Rg1 Rh6 36. Rg5 Kg7 37. Rxe5 Kf6 38. Rb5 Rh4 39. Bxb7 Rc4 40. Kb2 g5 41. c3 Rf4 42. Rb4 Rf2+ 43. Kb3 Kf5 44. Re4 e5 45. a4 Rf1 46. Re2 Rb1+ 47. Rb2 Rxb2+ 48. Kxb2 e4 49. Kc2 Kf4 50. Bc8 e3 51. Kd1 Kf3 52. Ke1 Ke4 1-0

[Event "BRA-ch U26"]
[Site "Brasilia"]
[Date "2019.04.24"]
[Round "2"]
[White "Da Silva, Erick Feitosa"]
[Black "Fernandes, Pedro Guilherme Mun"]
[Result "1/2-1/2"]
[WhiteElo "1976"]
[BlackElo "1800"]
[PlyCount "46"]
[EventDate "2019.04.23"]
[EventType "swiss"]
[EventRounds "7"]
[EventCountry "BRA"]
[SourceTitle "CBM 190 Extra"]
[Source "ChessBase"]
[SourceDate "2019.07.15"]
[SourceVersion "1"]
[SourceVersionDate "2019.07.15"]
[SourceQuality "1"]

1. c4 Nf6 2. Nc3 g6 3. d4 Bg7 4. e4 d6 5. Bd3 e5 6. d5 0-0 7. h3 Na6 8. Nge2 c6 9. 0-0 Nc5 10. Bc2 a5 11. Bg5 Qc7 12. Qd2 Bd7 13. Rfd1 Rfd8 14. dxc6 Bxc6 15. Nd5 Bxd5 16. Bxf6 Bxf6 17. Qxd5 Ne6 18. Nc3 Nd4 19. Nb5 Qc6 20. Nxd4 Qxd5 21. exd5 exd4 22. Re1 Re8 23. Ba4 Re5 1/2-1/2

[Event "BRA-ch U26"]
[Site "Brasilia"]
[Date "2019.04.23"]
[Round "1"]
[White "Fernandes, Pedro Guilherme Mun"]
[Black "Barros, Davi Matheus Costa"]
[Result "1-0"]
[WhiteElo "1800"]
[BlackElo "1948"]
[PlyCount "97"]
[EventDate "2019.04.23"]
[EventType "swiss"]
[EventRounds "7"]
[EventCountry "BRA"]
[SourceTitle "CBM 190 Extra"]
[Source "ChessBase"]
[SourceDate "2019.07.15"]
[SourceVersion "1"]
[SourceVersionDate "2019.07.15"]
[SourceQuality "1"]

1. Nf3 e6 2. d3 d5 3. Nbd2 c5 4. g3 Nf6 5. Bg2 Be7 6. 0-0 0-0 7. Re1 Nc6 8. e4 d4 9. a4 e5 10. Nc4 Qc7 11. c3 Be6 12. Na3 a6 13. Ng5 Bg4 14. f3 Bh5 15. Qc2 Bd6 16. Nc4 Nd7 17. Nxd6 Qxd6 18. f4 Kh8 19. fxe5 Ndxe5 20. Bf4 f6 21. Nh3 g5 22. Bxe5 Nxe5 23. Rf1 Ng4 24. Qe2 Ne3 25. Qxh5 Nxf1 26. Bxf1 Qb6 27. Qe2 Rae8 28. Bg2 Qb3 29. Qd2 Re6 30. Ra3 dxc3 31. Rxb3 cxd2 32. Nf2 f5 33. Nd1 f4 34. Rc3 f3 35. Bf1 Ref6 36. Kf2 b5 37. axb5 axb5 38. Ke3 Rh6 39. h3 c4 40. dxc4 bxc4 41. Rxc4 Rhf6 42. Kxd2 f2 43. Ke3 Rf3+ 44. Ke2 Rxg3 45. Rc3 Rg1 46. Nxf2 h5 47. Rc5 Rb8 48. Nd3 Kg7 49. Kf2 1-0

[Event "Recife Rafael Cabral Cup 6th"]
[Site "Recife"]
[Date "2018.09.29"]
[Round "3"]
[White "Camara, Jose Arruda"]
[Black "Fernandes, Pedro Guilherme Mun"]
[Result "1-0"]
[WhiteElo "1892"]
[BlackElo "1647"]
[PlyCount "53"]
[EventDate "2018.09.28"]
[EventType "swiss"]
[EventRounds "6"]
[EventCountry "BRA"]
[SourceTitle "EXT 2020"]
[Source "ChessBase"]
[SourceDate "2019.10.17"]
[SourceVersion "1"]
[SourceVersionDate "2019.10.17"]
[SourceQuality "1"]

1. e4 c5 2. Nf3 d6 3. c3 Nf6 4. Be2 e6 5. 0-0 d5 6. e5 Nfd7 7. d4 Be7 8. Bd3 Nc6 9. Nbd2 0-0 10. Re1 c4 11. Bc2 b5 12. a4 b4 13. Nf1 b3 14. Bb1 a5 15. Re3 f6 16. exf6 Nxf6 17. Ng3 Ng4 18. Re2 Bh4 19. Nxh4 Qxh4 20. h3 Nxf2 21. Rxf2 Qxg3 22. Rxf8+ Kxf8 23. Bxh7 g6 24. Bh6+ Ke7 25. Qf1 Bd7 26. Bf4 Qh4 27. Re1 1-0

[Event "Recife Araujo Cup 5th"]
[Site "Recife"]
[Date "2018.05.06"]
[Round "5"]
[White "Fernandes, Pedro Guilherme Mun"]
[Black "Amador, Mario Lima"]
[Result "1-0"]
[WhiteElo "1643"]
[BlackElo "1251"]
[PlyCount "95"]
[EventDate "2018.05.04"]
[EventType "swiss"]
[EventRounds "6"]
[EventCountry "BRA"]
[SourceTitle "CBM 184 Extra"]
[Source "ChessBase"]
[SourceDate "2018.06.28"]
[SourceVersion "1"]
[SourceVersionDate "2018.06.28"]
[SourceQuality "1"]

1. e4 e5 2. Nf3 Nc6 3. Bc4 d6 4. d4 exd4 5. Nxd4 Ne5 6. Be2 Nf6 7. Nc3 Bg4 8. Bxg4 Nexg4 9. f4 c5 10. Nf3 Qe7 11. 0-0 0-0-0 12. h3 Nh6 13. Re1 g6 14. Nd5 Nxd5 15. Qxd5 Qe6 16. c4 Qxd5 17. cxd5 Re8 18. e5 f5 19. e6 Bg7 20. Rb1 Bf6 21. Be3 Ng8 22. b4 b6 23. bxc5 bxc5 24. Rb5 Ne7 25. Rd1 Kc7 26. Ra5 Ra8 27. Ne1 Bc3 28. Ra4 Bxe1 29. Rxe1 Nxd5 30. Bd2 Kc8 31. Ra6 Kc7 32. Ba5+ Nb6 33. Bc3 Rhe8 34. Bf6 Nd5 35. Bg5 c4 36. Rd1 Nb6 37. e7 h6 38. Bf6 c3 39. Ra3 c2 40. Rc3+ Kd7 41. Rxc2 Nc8 42. Rcd2 Rb8 43. Be5 Rb6 44. Bg7 Rxe7 45. Bxh6 Re6 46. Bg7 Re7 47. Bd4 Rb4 48. Be5 1-0

[Event "Agua Preta op"]
[Site "Agua Preta"]
[Date "2017.11.26"]
[Round "6"]
[White "Amador, Mario Lima"]
[Black "Fernandes, Pedro Guilherme Mun"]
[Result "0-1"]
[WhiteElo "1264"]
[BlackElo "1687"]
[PlyCount "50"]
[EventDate "2017.11.24"]
[EventType "swiss"]
[EventRounds "6"]
[EventCountry "BRA"]
[SourceTitle "CBM 181 Extra"]
[Source "ChessBase"]
[SourceDate "2017.12.12"]
[SourceVersion "1"]
[SourceVersionDate "2017.12.12"]
[SourceQuality "1"]

1. e4 c5 2. Nc3 Nc6 3. d3 Nf6 4. Nf3 e6 5. Be3 d5 6. d4 dxe4 7. Ne5 Nxd4 8. Bxd4 cxd4 9. Nb5 d3 10. cxd3 Qa5+ 11. Nc3 Qxe5 12. Qa4+ Bd7 13. Qb3 exd3+ 14. Kd1 Ng4 15. Kd2 Qf4+ 16. Kd1 Nxf2+ 17. Ke1 d2+ 18. Ke2 e5 19. Nd5 Bg4+ 20. Qf3 Bxf3+ 21. gxf3 Qc4+ 22. Kxf2 Qxd5 23. Rd1 Bc5+ 24. Ke2 e4 25. Bg2 Qd3# 0-1

[Event "Natal Potiguar op"]
[Site "Natal"]
[Date "2017.06.03"]
[Round "4"]
[White "De Lima, Enzo Magalhaes"]
[Black "Fernandes, Pedro Guilherme Mun"]
[Result "0-1"]
[WhiteElo "1420"]
[BlackElo "1641"]
[PlyCount "122"]
[EventDate "2017.06.02"]
[EventType "swiss"]
[EventRounds "6"]
[EventCountry "BRA"]
[SourceTitle "EXT 2018"]
[Source "ChessBase"]
[SourceDate "2017.10.13"]
[SourceVersion "1"]
[SourceVersionDate "2017.10.13"]
[SourceQuality "1"]

1. d4 c5 2. e3 d5 3. Nf3 Nc6 4. c3 Bf5 5. Nbd2 Nf6 6. Be2 e6 7. 0-0 Bd6 8. b3 0-0 9. Ba3 Qe7 10. Re1 cxd4 11. Bxd6 Qxd6 12. exd4 Rac8 13. Nf1 Ne4 14. Rc1 Na5 15. c4 dxc4 16. bxc4 b6 17. Nh4 Bg6 18. Nxg6 hxg6 19. Bf3 Nf6 20. Qd3 Nc6 21. Bxc6 Qxc6 22. Re3 Rfd8 23. Rh3 Nh5 24. Rh4 Qd6 25. Qh3 Kf8 26. Qf3 Rc7 27. Nd2 Qb4 28. Rc3 b5 29. g4 Nf6 30. Rh8+ Ke7 31. Rxd8 Kxd8 32. g5 Nh5 33. c5 Qb2 34. Qe3 Qxa2 35. Ra3 Qc2 36. Ra1 Qf5 37. Kh1 Qf4 38. Qxf4 Nxf4 39. Nb3 Nh3 40. Ra6 Nxf2+ 41. Kg2 Ne4 42. h4 Nc3 43. Rd6+ Rd7 44. Rxd7+ Kxd7 45. Kf3 Nd5 46. Ke4 f6 47. Na5 Kc7 48. Nb3 Kb7 49. gxf6 gxf6 50. Na5+ Kc7 51. c6 Kb6 52. Nb3 Kxc6 53. Nc5 Nc7 54. Nb3 Kb6 55. Kd3 a5 56. Kc3 Nd5+ 57. Kd3 b4 58. Kc4 Ne3+ 59. Kd3 a4 60. Kxe3 axb3 61. Kd3 f5 0-1

[Event "Recife op 4th"]
[Site "Recife"]
[Date "2017.04.22"]
[Round "4"]
[White "Silva, Manoela de Lyra"]
[Black "Fernandes, Pedro Guilherme Mun"]
[Result "0-1"]
[WhiteElo "1314"]
[BlackElo "1668"]
[PlyCount "21"]
[EventDate "2017.04.20"]
[EventType "swiss"]
[EventRounds "6"]
[EventCountry "BRA"]
[SourceTitle "EXT 2018"]
[Source "ChessBase"]
[SourceDate "2017.10.13"]
[SourceVersion "1"]
[SourceVersionDate "2017.10.13"]
[SourceQuality "1"]

1. e4 c5 2. Nf3 d6 3. Nc3 Nc6 4. d4 cxd4 5. Nxd4 Nf6 6. Be2 g6 7. Nf3 Bg7 8. Qd2 Be6 9. Nd4 Nxd4 10. Qxd4 0-0 11. 0-0 0-1

[Event "Recife op 4th"]
[Site "Recife"]
[Date "2017.04.21"]
[Round "2"]
[White "Picasso Gallego, Nicolas"]
[Black "Fernandes, Pedro Guilherme Mun"]
[Result "0-1"]
[WhiteElo "1849"]
[BlackElo "1668"]
[PlyCount "70"]
[EventDate "2017.04.20"]
[EventType "swiss"]
[EventRounds "6"]
[EventCountry "BRA"]
[SourceTitle "EXT 2018"]
[Source "ChessBase"]
[SourceDate "2017.10.13"]
[SourceVersion "1"]
[SourceVersionDate "2017.10.13"]
[SourceQuality "1"]

1. d4 c5 2. d5 Nf6 3. c4 e6 4. dxe6 fxe6 5. Nc3 d5 6. e3 Be7 7. Nf3 Nc6 8. Be2 0-0 9. 0-0 d4 10. exd4 cxd4 11. Na4 e5 12. Nd2 e4 13. Re1 d3 14. Bf1 Bg4 15. f3 Qd4+ 16. Kh1 Bxf3 17. Nxf3 exf3 18. Be3 fxg2+ 19. Bxg2 Qxc4 20. b3 Qc2 21. Rc1 Qxd1 22. Rexd1 Ng4 23. Bg1 Bg5 24. Rc3 d2 25. Bf3 Nce5 26. Bxb7 Rad8 27. Kg2 Rd3 28. Bxa7 Be3 29. Rxd3 Nxd3 30. Ba6 Ndf2 31. Bc4+ Kh8 32. Bc5 Bxc5 33. Rxd2 Ne3+ 34. Kg1 Nxc4 35. bxc4 Ne4+ 0-1

[Event "Recife Asfora Memorial"]
[Site "Recife"]
[Date "2016.08.05"]
[Round "1"]
[White "Martins, Vinicius Tine"]
[Black "Fernandes, Pedro Guilherme Mun"]
[Result "1-0"]
[WhiteElo "2271"]
[BlackElo "1531"]
[PlyCount "73"]
[EventDate "2016.08.05"]
[EventType "swiss"]
[EventRounds "6"]
[EventCountry "BRA"]
[SourceTitle "EXT 2022"]
[Source "ChessBase"]
[SourceDate "2021.10.06"]
[SourceVersion "1"]
[SourceVersionDate "2021.10.06"]
[SourceQuality "1"]

1. e4 c5 2. Nf3 d6 3. d4 cxd4 4. Nxd4 Nf6 5. f3 g6 6. c4 Bg7 7. Nc3 0-0 8. Be3 Nc6 9. Qd2 Nxd4 10. Bxd4 Be6 11. Rc1 Rc8 12. b3 Qa5 13. Be2 a6 14. 0-0 b5 15. Qb2 bxc4 16. b4 Rb8 17. Rb1 Nh5 18. Nd5 Qd8 19. Bxg7 Nxg7 20. Bxc4 Bxd5 21. Bxd5 Qb6+ 22. Qf2 Qb5 23. Rfc1 Rfc8 24. Qa7 e6 25. Bc4 Qb6+ 26. Qxb6 Rxb6 27. Bd3 Rbc6 28. Rxc6 Rxc6 29. a4 Ne8 30. b5 Rb6 31. bxa6 Rxb1+ 32. Bxb1 Nc7 33. a7 Kf8 34. Bd3 Ke7 35. Bb5 d5 36. exd5 exd5 37. Bc6 1-0